Principles of Communication Systems (Record no. 2359)

MARC details
000 -LEADER
fixed length control field 00418nam a2200169Ia 4500
008 - FIXED-LENGTH DATA ELEMENTS--GENERAL INFORMATION
fixed length control field 221030s9999 xx 000 0 und d
020 ## - INTERNATIONAL STANDARD BOOK NUMBER
ISBN 0074624563
041 ## - LANGUAGE CODE
Language code of text/sound track or separate title
082 ## - DEWEY DECIMAL CLASSIFICATION NUMBER
Classification number 105.23
Item number Tau
100 ## - MAIN ENTRY--AUTHOR NAME
Personal name H. Taub
245 #0 - TITLE STATEMENT
Title Principles of Communication Systems
Statement of responsibility, etc by H. Taub, D. L. Schilling
260 ## - PUBLICATION, DISTRIBUTION, ETC. (IMPRINT)
Name of publisher TMH
Place of publication New Delhi
Year of publication 1999
300 ## - PHYSICAL DESCRIPTION
Number of Pages 759
650 ## - SUBJECT ADDED ENTRY--TOPICAL TERM
Topical Term ECE
700 ## - ADDED ENTRY--PERSONAL NAME
Personal name D. L. Schilling
942 ## - ADDED ENTRY ELEMENTS (KOHA)
Koha item type Books
Holdings
Accession Number Cost, normal purchase price Full call number Price effective from Koha item type Withdrawn / writtenoff status Materials specified (bound volume or other part) Damaged status Not for loan Permanent Location Current Location Shelving location Date acquired Lost/ Missing status department
BE 1195 215.00 105.23 Tau 10/30/2022 Books   Print     MIET Library, Jammu MIET Library, Jammu BL-First, FL-1, CUP-14, SH-5, R-5 04/26/2000   BE
BE 1196 215.00 105.23 Tau 10/30/2022 Books   Print     MIET Library, Jammu MIET Library, Jammu BL-Academic Block B, FL-2, CUP-158, SH-2, R-2 04/24/2000   BE
BE 1197 215.00 105.23 Tau 10/30/2022 Books   Print     MIET Library, Jammu MIET Library, Jammu BL-Academic Block- A, FL-1, CUP-14, SH-5, R-5 04/26/2000   BE
BE 1198 215.00 105.23 Tau 10/30/2022 Books   Print     MIET Library, Jammu MIET Library, Jammu BL-First, FL-1, CUP-14, SH-5, R-5 04/26/2000   BE
BE 1199 215.00 105.23 Tau 10/30/2022 Books   Print     MIET Library, Jammu MIET Library, Jammu BL-First, FL-1, CUP-14, SH-3, R-3 04/26/2000   BE
BE 1240 215.00 105.23 Tau 10/30/2022 Books   Print     MIET Library, Jammu MIET Library, Jammu BL-First, FL-1, CUP-14, SH-5, R-5 04/26/2000   BE